000
00237nam a22001097a 4500
020
_a
6781187074346
082
_a
K760
100
_a
STILTON, GERONIMO
245
_a
THE FIRST SAMURAI - GRAPHIC NOVEL - BOOK 12
300
_a
56P
942
_c
BK
999
_c
3085
_d
3085